<?xml version="1.0" encoding="UTF-8"?>
<record
    xmlns:xsi="http://www.w3.org/2001/XMLSchema-instance"
    xsi:schemaLocation="http://www.loc.gov/MARC21/slim http://www.loc.gov/standards/marcxml/schema/MARC21slim.xsd"
    xmlns="http://www.loc.gov/MARC21/slim">

  <leader>01976cam a2200493 a 4500</leader>
  <controlfield tag="001">c  62002374 </controlfield>
  <controlfield tag="003">DLC</controlfield>
  <controlfield tag="005">20260227111034.0</controlfield>
  <controlfield tag="008">041014q19271936cc            000 0 chi d</controlfield>
  <datafield tag="010" ind1=" " ind2=" ">
    <subfield code="a">c  62002374 </subfield>
  </datafield>
  <datafield tag="035" ind1=" " ind2=" ">
    <subfield code="a">(CStRLIN)DCLP04-B18688</subfield>
  </datafield>
  <datafield tag="040" ind1=" " ind2=" ">
    <subfield code="a">DLC</subfield>
    <subfield code="c">InU</subfield>
    <subfield code="d">OCoLC</subfield>
    <subfield code="d">MiU-A</subfield>
    <subfield code="d">CStRLIN</subfield>
    <subfield code="d">DLC-R</subfield>
    <subfield code="d">DLC</subfield>
  </datafield>
  <datafield tag="042" ind1=" " ind2=" ">
    <subfield code="a">lccopycat</subfield>
  </datafield>
  <datafield tag="050" ind1="0" ind2="0">
    <subfield code="a">PL2464.Z6</subfield>
    <subfield code="b">K8 1936</subfield>
  </datafield>
  <datafield tag="066" ind1=" " ind2=" ">
    <subfield code="c">$1</subfield>
  </datafield>
  <datafield tag="100" ind1="1" ind2=" ">
    <subfield code="6">880-01</subfield>
    <subfield code="a">Kong, Yingda,</subfield>
    <subfield code="d">574-648.</subfield>
  </datafield>
  <datafield tag="245" ind1="1" ind2="0">
    <subfield code="6">880-02</subfield>
    <subfield code="a">Zhou yi zhu shu :</subfield>
    <subfield code="b">[9 juan /</subfield>
    <subfield code="c">Kong Yingda feng chi zhuan ; Wang Bi zhu].</subfield>
  </datafield>
  <datafield tag="246" ind1="1" ind2="4">
    <subfield code="6">880-03</subfield>
    <subfield code="a">Zhou yi zheng yi</subfield>
  </datafield>
  <datafield tag="260" ind1=" " ind2=" ">
    <subfield code="6">880-04</subfield>
    <subfield code="a">Shanghai :</subfield>
    <subfield code="b">Zhonghua shu ju,</subfield>
    <subfield code="c">[1936?]</subfield>
  </datafield>
  <datafield tag="300" ind1=" " ind2=" ">
    <subfield code="a">4 v. in 1 ;</subfield>
    <subfield code="c">21 cm.</subfield>
  </datafield>
  <datafield tag="440" ind1=" " ind2="0">
    <subfield code="6">880-05</subfield>
    <subfield code="a">Si bu bei yao.</subfield>
    <subfield code="p">Jing bu</subfield>
  </datafield>
  <datafield tag="500" ind1=" " ind2=" ">
    <subfield code="a">On double leaves, oriental style.</subfield>
  </datafield>
  <datafield tag="501" ind1=" " ind2=" ">
    <subfield code="6">880-06</subfield>
    <subfield code="a">With: Zhou yi yin yi / Lu Deming zhuan.</subfield>
  </datafield>
  <datafield tag="501" ind1=" " ind2=" ">
    <subfield code="6">880-07</subfield>
    <subfield code="a">With: Zhou yi shi wen jiao kan ji / Ruan Yuan zhuan ; Lu Xuanxun zhai lu.</subfield>
  </datafield>
  <datafield tag="630" ind1="0" ind2="0">
    <subfield code="6">880-08</subfield>
    <subfield code="a">Yi jing.</subfield>
  </datafield>
  <datafield tag="700" ind1="1" ind2=" ">
    <subfield code="6">880-09</subfield>
    <subfield code="a">Wang, Bi,</subfield>
    <subfield code="d">226-249.</subfield>
  </datafield>
  <datafield tag="700" ind1="1" ind2=" ">
    <subfield code="6">880-10</subfield>
    <subfield code="a">Lu, Deming,</subfield>
    <subfield code="d">556-627.</subfield>
    <subfield code="t">Zhou yi yin yi.</subfield>
  </datafield>
  <datafield tag="700" ind1="1" ind2=" ">
    <subfield code="6">880-11</subfield>
    <subfield code="a">Ruan, Yuan,</subfield>
    <subfield code="d">1764-1849.</subfield>
    <subfield code="t">Zhou yi shi wen jiao kan ji.</subfield>
  </datafield>
  <datafield tag="740" ind1="0" ind2=" ">
    <subfield code="6">880-12</subfield>
    <subfield code="a">Zhou yi yin yi.</subfield>
  </datafield>
  <datafield tag="740" ind1="0" ind2=" ">
    <subfield code="6">880-13</subfield>
    <subfield code="a">Zhou yi shi wen jiao kan ji.</subfield>
  </datafield>
  <datafield tag="880" ind1="1" ind2=" ">
    <subfield code="6">100-01/$1</subfield>
    <subfield code="a">&#x5B54;&#x9834;&#x9054;,</subfield>
    <subfield code="d">574-648.</subfield>
  </datafield>
  <datafield tag="880" ind1="1" ind2="0">
    <subfield code="6">245-02/$1</subfield>
    <subfield code="a">&#x5468;&#x6613;&#x6CE8;&#x758F; :</subfield>
    <subfield code="b">[9&#x5377; /</subfield>
    <subfield code="c">&#x5B54;&#x7A4E;&#x9054;&#x5949;&#x6555;&#x64B0; ; &#x738B;&#x5F3C;&#x6CE8;].</subfield>
  </datafield>
  <datafield tag="880" ind1="1" ind2="4">
    <subfield code="6">246-03/$1</subfield>
    <subfield code="a">&#x5468;&#x6613;&#x6B63;&#x7FA9;</subfield>
  </datafield>
  <datafield tag="880" ind1=" " ind2=" ">
    <subfield code="6">260-04/$1</subfield>
    <subfield code="a">&#x4E0A;&#x6D77; :</subfield>
    <subfield code="b">&#x4E2D;&#x83EF;&#x66F8;&#x5C40;,</subfield>
    <subfield code="c">b[1936?]</subfield>
  </datafield>
  <datafield tag="880" ind1=" " ind2="0">
    <subfield code="6">440-05/$1</subfield>
    <subfield code="a">&#x56DB;&#x90E8;&#x5099;&#x8981;.</subfield>
    <subfield code="p">&#x7D93;&#x90E8;</subfield>
  </datafield>
  <datafield tag="880" ind1=" " ind2=" ">
    <subfield code="6">501-06/$1</subfield>
    <subfield code="a">With &#x5468;&#x6613;&#x97F3;&#x7FA9; / &#x9678;&#x5FB7;&#x660E;&#x64B0;.</subfield>
  </datafield>
  <datafield tag="880" ind1=" " ind2=" ">
    <subfield code="6">501-07/$1</subfield>
    <subfield code="a">With: &#x5468;&#x6613;&#x91CB;&#x6587;&#x6821;&#x52D8;&#x8A18; / &#x962E;&#x5143;&#x64B0; ; &#x76E7;&#x5BA3;&#x65EC;&#x6458;&#x9304;.</subfield>
  </datafield>
  <datafield tag="880" ind1="0" ind2="0">
    <subfield code="6">630-08/$1</subfield>
    <subfield code="a">&#x4EE5;&#x7D93;.</subfield>
  </datafield>
  <datafield tag="880" ind1="1" ind2=" ">
    <subfield code="6">700-09/$1</subfield>
    <subfield code="a">&#x738B;&#x5F3C;,</subfield>
    <subfield code="d">226-249.</subfield>
  </datafield>
  <datafield tag="880" ind1="1" ind2=" ">
    <subfield code="6">700-10/$1</subfield>
    <subfield code="a">&#x9678;&#x5FB7;&#x660E;,</subfield>
    <subfield code="d">556-627.</subfield>
    <subfield code="t">&#x5468;&#x6613;&#x97F3;&#x7FA9;.</subfield>
  </datafield>
  <datafield tag="880" ind1="1" ind2=" ">
    <subfield code="6">700-11/$1</subfield>
    <subfield code="a">&#x962E;&#x5143;,</subfield>
    <subfield code="d">1764-1849.</subfield>
    <subfield code="t">&#x5468;&#x6613;&#x91CB;&#x6587;&#x6821;&#x52D8;&#x8A18;.</subfield>
  </datafield>
  <datafield tag="880" ind1="0" ind2=" ">
    <subfield code="6">740-12/$1</subfield>
    <subfield code="a">&#x5468;&#x6613;&#x97F3;&#x7FA9;.</subfield>
  </datafield>
  <datafield tag="880" ind1="0" ind2=" ">
    <subfield code="6">740-13/$1</subfield>
    <subfield code="a">&#x5468;&#x6613;&#x91CB;&#x6587;&#x6821;&#x52D8;&#x8A18;.</subfield>
  </datafield>
  <datafield tag="999" ind1=" " ind2=" ">
    <subfield code="c">12790</subfield>
    <subfield code="d">12790</subfield>
  </datafield>
</record>
